Viron kunnat kartalla - Statistics

Yleistilastot
  • Tätä visaa on pelattu 154 kertaa
  • Keskiarvotulos 17 / 79
Vastaukset kartalla
Vastauksille on annettu kartalla punavihreä väri sen mukaan, kuinka moni on saanut sen oikein.
 
Vastaustilastot
Vastaus Maakunta % Oikein
Tallinnan kaupunki Harjumaa
96%
Narvan kaupunki Itä-Virumaa
88%
Pärnun kaupunki Pärnumaa
87%
Tarton kaupunki Tartumaa
82%
Tarton kunta Tartumaa
82%
Saarenmaan kunta Saarenmaa
66%
Hiidenmaan kunta Hiidenmaa
54%
Haapsalun kaupunki Läänemaa
43%
Viljandin kaupunki Viljandimaa
41%
Viljandin kunta Viljandimaa
41%
Võrun kaupunki Võrumaa
37%
Võrun kunta Võrumaa
37%
Kohtla-Järven kaupunki Itä-Virumaa
34%
Maardun kaupunki Harjumaa
34%
Rakveren kaupunki Lääne-Virumaa
34%
Rakveren kunta Lääne-Virumaa
34%
Valgan kunta Valgamaa
33%
Keilan kaupunki Harjumaa
29%
Otepään kunta Valgamaa
29%
Põltsamaan kunta Jõgevamaa
29%
Jõgevan kunta Jõgevamaa
28%
Paiden kaupunki Järvamaa
28%
Jõhvin kunta Itä-Virumaa
26%
Põlvan kunta Põlvamaa
26%
Sillamäen kaupunki Itä-Virumaa
25%
Tapan kunta Lääne-Virumaa
24%
Raplan kunta Raplamaa
22%
Elvan kunta Tartumaa
20%
Muhun kunta Saarenmaa
20%
Sakun kunta Harjumaa
20%
Kihnun kunta Pärnumaa
18%
Narva-Jõesuun kaupunki Itä-Virumaa
18%
Viimsin kunta Harjumaa
18%
Ruhnun kunta Saarenmaa
17%
Mustveen kunta Jõgevamaa
16%
Sauen kunta Harjumaa
16%
Türin kunta Järvamaa
16%
Vormsin kunta Läänemaa
14%
Antslan kunta Võrumaa
13%
Järvan kunta Järvamaa
13%
Märjamaan kunta Raplamaa
13%
Räpinan kunta Põlvamaa
13%
Setomaan kunta Võrumaa
12%
Tõrvan kunta Valgamaa
12%
Häädemeesten kunta Pärnumaa
11%
Kosen kunta Harjumaa
11%
Harkun kunta Harjumaa
9%
Kuusalun kunta Harjumaa
9%
Loksan kaupunki Harjumaa
9%
Luunjan kunta Tartumaa
9%
Mulgin kunta Viljandimaa
9%
Väike-Maarjan kunta Lääne-Virumaa
9%
Vinnin kunta Lääne-Virumaa
9%
Jõelähtmen kunta Harjumaa
8%
Kadrinan kunta Lääne-Virumaa
8%
Peipsiäären kunta Tartumaa
8%
Raen kunta Harjumaa
8%
Haljalan kunta Lääne-Virumaa
7%
Kanepin kunta Põlvamaa
7%
Kohilan kunta Raplamaa
7%
Rõugen kunta Võrumaa
7%
Toilan kunta Itä-Virumaa
7%
Lääne-Harjun kunta Harjumaa
5%
Lääne-Nigulan kunta Läänemaa
5%
Nõon kunta Tartumaa
5%
Põhja-Sakalan kunta Viljandimaa
5%
Torin kunta Pärnumaa
5%
Viru-Nigulan kunta Lääne-Virumaa
5%
Alutagusen kunta Itä-Virumaa
4%
Anijan kunta Harjumaa
4%
Kambjan kunta Tartumaa
4%
Kastren kunta Tartumaa
4%
Kiilin kunta Harjumaa
4%
Lüganusen kunta Itä-Virumaa
4%
Põhja-Pärnumaan kunta Pärnumaa
4%
Kehtnan kunda Raplamaa
3%
Läänerannan kunta Pärnumaa
3%
Raasikun kunta Harjumaa
3%
Saarden kunta Pärnumaa
3%
Ehtoja vastaavia visoja ei löytynyt
Tulosjakauma
Jokaisen tuloksen saaneiden osuus
Persentiili vastausten määrän mukaan
Tuloshistoriasi
Et ole pelannut tätä visaa